00391nam a22001097a 4500008004100000020001800041082001100059100001800070245012900088260005500217300000900272260601b |||||||| |||| 00| 0 eng d a9789381275276 a001918 aP. S. Acharya aPramana Laksanam of Sri Madhwacarya (With Nyayakalpalata Tika of Sri Jayatirtha and Sub-Commentary of Sri Vijayindratirtha)  aBangalorebPoornaprajna Samshodhana Mandiramc2013 a248p